Every European Country Shape - Sudden Death - Statistics

General Stats
  • This quiz has been taken 1,980 times
  • The average score is 27 of 45
Answers on the Grid
Answers color-coded by a green-red scale on the quiz's grid according to % correct below.
 
Answer Stats
Answer % Correct
82%
79%
79%
78%
77%
76%
73%
71%
71%
69%
69%
69%
67%
67%
67%
66%
64%
63%
63%
58%
58%
57%
57%
56%
56%
56%
55%
54%
54%
54%
54%
53%
51%
51%
51%
50%
48%
47%
47%
46%
45%
43%
41%
34%
33%
No matching quizzes found
Score Distribution
Percent of People with Each Score
Percentile by Number Answered
Your Score History
You have not taken this quiz